Idu yāva mara? (Record no. 60087)

MARC details
000 -LEADER
fixed length control field 00602cam a22002411 4500
001 - CONTROL NUMBER
control field sa 64007182
003 - CONTROL NUMBER IDENTIFIER
control field DLC
005 - DATE AND TIME OF LATEST TRANSACTION
control field 20260227112044.0
008 - FIXED-LENGTH DATA ELEMENTS--GENERAL INFORMATION
fixed length control field 940602s1962 ii a 000 0 kano
010 ## - LIBRARY OF CONGRESS CONTROL NUMBER
LC control number sa 64007182
025 ## - OVERSEAS ACQUISITION NUMBER
Overseas acquisition number PL480:I-Kan-330
035 ## - SYSTEM CONTROL NUMBER
System control number (OCoLC)30538361
040 ## - CATALOGING SOURCE
Original cataloging agency DLC
Transcribing agency CU
Modifying agency CU
-- DLC
042 ## - AUTHENTICATION CODE
Authentication code premarc
050 00 - LIBRARY OF CONGRESS CALL NUMBER
Classification number QK490.I4
Item number N3
100 2# - MAIN ENTRY--PERSONAL NAME
Personal name Narasiṃha Ayyaṅgār, M. L.
245 10 - TITLE STATEMENT
Title Idu yāva mara?
260 ## - PUBLICATION, DISTRIBUTION, ETC.
Date of publication, distribution, etc. 1962.
300 ## - PHYSICAL DESCRIPTION
Extent xii, 132 p.
Other physical details ill.
Dimensions 18 cm.
500 ## - GENERAL NOTE
General note In Kannada.
650 #0 - SUBJECT ADDED ENTRY--TOPICAL TERM
Topical term or geographic name entry element Trees
Geographic subdivision India.
650 #0 - SUBJECT ADDED ENTRY--TOPICAL TERM
Topical term or geographic name entry element Trees
Form subdivision Juvenile literature.

No items available.

Powered by Koha